The attack (Record no. 1122)

MARC details
000 -LEADER
fixed length control field 01120cam a22003013a 4500
005 - DATE AND TIME OF LATEST TRANSACTION
control field 20230829142052.0
020 ## - INTERNATIONAL STANDARD BOOK NUMBER
International Standard Book Number 078073004997
040 ## - CATALOGING SOURCE
Original cataloging agency ZAB
Transcribing agency ZAB
Modifying agency SLC
-- OCL
-- OCLCQ
-- DLC
Language of cataloging eng
050 00 - LIBRARY OF CONGRESS CALL NUMBER
Classification number PZ7.A6483
082 ## - DEWEY DECIMAL CLASSIFICATION NUMBER
Classification number 813.54
100 1# - MAIN ENTRY--PERSONAL NAME
Personal name Applegate, Katherine.
245 14 - TITLE STATEMENT
Title The attack
Statement of responsibility, etc. K.A. Applegate.
260 ## - PUBLICATION, DISTRIBUTION, ETC.
Place of publication, distribution, etc. New York :
Name of publisher, distributor, etc. Scholastic
Date of publication, distribution, etc. 1999
300 ## - PHYSICAL DESCRIPTION
Extent 145 pages :
Other physical details illustrations ;
Dimensions 20 cm
490 1# - SERIES STATEMENT
Series statement Animorphs ;
Volume/sequential designation Book 26
500 ## - GENERAL NOTE
General note "An Apple paperback."
505 ## - FORMATTED CONTENTS NOTE
Formatted contents note O <br/>
520 ## - SUMMARY, ETC.
Summary, etc. he Ellimist has helped the Animorphs many times. He is all-powerful and has only one enemy, the Crayak. In a cosmic showdown, the two enemies choose champions to represent them in a battle to end all battles. The Crayak chooses the dreaded Howlers. The Ellimist chooses the Animorphs.
521 ## - TARGET AUDIENCE NOTE
Target audience note 600 <br/>
Source Lexile <br/>
521 ## - TARGET AUDIENCE NOTE
Target audience note O <br/>
Source Raz-Plus <br/>
650 #0 - SUBJECT ADDED ENTRY--TOPICAL TERM
Topical term or geographic name entry element Science fiction.
650 #0 - SUBJECT ADDED ENTRY--TOPICAL TERM
Topical term or geographic name entry element Metamorphosis
Form subdivision Juvenile fiction.
655 #7 - INDEX TERM--GENRE/FORM
Genre/form data or focus term Fantasy fiction.
Source of term gsafd
655 #7 - INDEX TERM--GENRE/FORM
Genre/form data or focus term Fantasy fiction.
Source of term gsafd
906 ## - LOCAL DATA ELEMENT F, LDF (RLIN)
a 7
b cbc
c copycat
d 2
e ncip
f 20
g y-genrareb
942 ## - ADDED ENTRY ELEMENTS (KOHA)
Koha item type Books
Source of classification or shelving scheme Dewey Decimal Classification
Suppress in OPAC No
999 ## -
-- 1122
-- 1122
Holdings
Withdrawn status Lost status Source of classification or shelving scheme Damaged status Not for loan Collection Home library Current library Shelving location Date acquired Total Checkouts Full call number Barcode Date last seen Date last checked out Price effective from Koha item type
    Dewey Decimal Classification     Juvenile Fiction Footprints International School Library Network Toul Kork Campus Footprints International School Library Network Toul Kork Campus   08/01/2023 1 APP Fic PZ7.A6483 FIS00901 03/12/2024 03/05/2024 08/01/2023 Books